Toutes les gares ferroviaires des Hauts de Seine - Statistiques

Statistiques générales
  • Ce quiz a été pris 18 fois
    6 depuis la dernière actualisation
  • Le résultat moyen est 8 sur 45
Statistiques - réponses
Fréquentation annuelle Nom de la gare % Correct
/ Bourg-la-Reine
67%
/ Sceaux
67%
/ Antony
50%
/ Fontenay-aux-Roses
50%
/ Robinson
50%
6 155 138 Colombes
33%
1 963 009 Gennevilliers
33%
31 729 688 La Défense
33%
1 983 495 Le Val d'Or
33%
1 428 696 Meudon
33%
7 569 899 Nanterre Université
33%
8 389 550 Saint-Cloud
33%
18 129 540 Asnières-sur-Seine
17%
1 455 710 Bellevue
17%
2 464 698 Clamart
17%
4 647 654 Courbevoie
17%
/ Fontaine Michalon
17%
2 087 498 Garches - Marnes-la-Coquette
17%
2 373 723 Issy-les-Moulineaux
17%
5 637 600 Issy Val de Seine
17%
4 965 571 La Garenne-Colombes
17%
/ (ouverture courant 2024) Nanterre la Folie
17%
/ Nanterre-Préfecture
17%
/ Nanterre-Ville
17%
/ Parc de Sceaux
17%
4 143 913 Puteaux
17%
/ Rueil-Malmaison
17%
3 004 507 Sèvres - Ville-d'Avray
17%
1 611 090 Vanves - Malakoff
17%
1 867 758 Vaucresson
17%
11 677 230 Bécon les Bruyères
0%
5 680 808 Bois-Colombes
0%
1 364 772 Chaville Rive Droite
0%
1 199 547 Chaville Rive Gauche
0%
387 916 Chemin d'Antony
0%
/ Clichy - Levallois
0%
/ La Croix de Berny
0%
/ (ouverture courant 2024) La Défense Grande Arche RER E
0%
/ Les Baconnets
0%
2 669 352 Les Grésillons
0%
3 216 734 Le Stade
0%
5 291 269 Les Vallées
0%
2 803 049 Meudon Val Fleury
0%
1 217 441 Sèvres Rive Gauche
0%
3 743 887 Suresnes Mont Valérien
0%
Aucun quiz correspondant
Distribution des résultats
% des personnes avec chaque résultat
Percentile par nombre de réponses
Votre historique - résultats
Vous n’avez pas pris ce quiz depuis la dernière actualisation